000 00995nam a2200313 c 4500
001 13602
003 ES-MaCES
005 20250121040009.0
008 020423s2001 sp d t o000 | spa d
017 _aM-1181-2002
_bDL
024 7 _a207-01-103-0
_2nipo
035 _aCES20020005904m
040 _aES-MaCES
_bspa
_cES-MaCES
245 0 0 _aSíntesis de resultados de la evaluación del III Plan para la igualdad de oportunidades entre hombres y mujeres (1997-2000)
260 _aMadrid
_bInstituto de la Mujer
_c2001
300 _a88 p.
_bgráf.
_c30 cm
541 _cGratuito
650 4 _amujeres
_928657
650 4 _aigualdad de oportunidades
_927183
650 4 _aplan nacional
_927018
650 4 _aEspaña
_926964
650 4 _a1997-2000
_931213
650 4 _aevaluación de proyectos
_926660
653 1 0 _aMujer
710 2 _aInstituto de la Mujer (España)
_eed.
_94190
902 _aLIB Libro
942 _2CES
_cBK
_h3.3.
999 _c13602
_d13602